| 000 | 00618nam a2200253Ia 4500 | ||
|---|---|---|---|
| 003 | OSt | ||
| 005 | 20221007110311.0 | ||
| 006 | a|||||r|||| 00| 0 | ||
| 007 | ta | ||
| 008 | 221006b |||||||| |||| 00| 0 eng d | ||
| 024 | _a20,840 | ||
| 037 | _cTextual | ||
| 040 |
_aLCO _cLCO _beng |
||
| 041 |
_2eng _aeng |
||
| 082 | _aZ1, M5 | ||
| 100 | _aBatra T.S. | ||
| 245 | 0 | _aInternational Law.V1 | |
| 260 |
_aNew _bDelhi Bookhive (Regd.) India _c1985 |
||
| 300 | _a404+12 | ||
| 490 | _vVol.-I | ||
| 650 | _aINTERNATIONAL LAW | ||
| 942 |
_hZ1, M5 _cTEXL |
||
| 999 |
_c1190403 _d1190403 |
||